स्वेतंबरा / (Record no. 117094)

MARC details
000 -LEADER
fixed length control field 01137nam a22002777a 4500
003 - CONTROL NUMBER IDENTIFIER
control field dpl
005 - DATE AND TIME OF LATEST TRANSACTION
control field 20181229150818.0
008 - FIXED-LENGTH DATA ELEMENTS--GENERAL INFORMATION
fixed length control field 181229b ||||| |||| 00| 0 eng d
010 ## - LIBRARY OF CONGRESS CONTROL NUMBER
LC control number B-200000, B-200004
020 ## - INTERNATIONAL STANDARD BOOK NUMBER
Terms of availability 200.00
International Standard Book Number 8185244650
035 ## - SYSTEM CONTROL NUMBER
System control number B-200000, B-200004
037 ## - SOURCE OF ACQUISITION
Source of stock number/acquisition Cen Lib/Ret
040 ## - CATALOGING SOURCE
Original cataloging agency DPL
Language of cataloging HN
Transcribing agency 0
082 ## - DEWEY DECIMAL CLASSIFICATION NUMBER
Classification number
Item number राजगुरु
100 ## - MAIN ENTRY--PERSONAL NAME
Personal name राजगुरु, नरेन्द्र
9 (RLIN) 70037
245 ## - TITLE STATEMENT
Title स्वेतंबरा /
Statement of responsibility, etc नरेन्द्र राजगुरु
246 ## - VARYING FORM OF TITLE
Title proper/short title Swetanbara
Remainder of title by Narendra Rajguru
260 ## - PUBLICATION, DISTRIBUTION, ETC. (IMPRINT)
Place of publication, distribution, etc नई दिल्ली
Name of publisher, distributor, etc हिंदी बुक सेण्टर
Date of publication, distribution, etc 2006
270 ## - ADDRESS
Address 4/5, बी -आसफ अली रोड
City नई दिल्ली
Postal code 110002
300 ## - PHYSICAL DESCRIPTION
Extent 196पृष्ठ.
Dimensions 21सेमी(सजिल्द)
650 ## - SUBJECT ADDED ENTRY--TOPICAL TERM
Topical term or geographic name as entry element हिंदी साहित्य
9 (RLIN) 70038
650 ## - SUBJECT ADDED ENTRY--TOPICAL TERM
Topical term or geographic name as entry element एतिहासिक हिंदी उपन्यास
9 (RLIN) 1531
650 ## - SUBJECT ADDED ENTRY--TOPICAL TERM
Topical term or geographic name as entry element Hindi literature
9 (RLIN) 70039
650 ## - SUBJECT ADDED ENTRY--TOPICAL TERM
Topical term or geographic name as entry element Hindi historical novel
9 (RLIN) 70040
942 ## - ADDED ENTRY ELEMENTS (KOHA)
Source of classification or shelving scheme Dewey Decimal Classification
Koha item type Hindi Books
Classification part
Call number suffix राजगुरु
Holdings
Withdrawn status Lost status Damaged status Not for loan Home library Current library Date acquired Source of acquisition Cost, normal purchase price Total Checkouts Full call number Barcode Date last seen Date checked out Copy number Cost, replacement price Price effective from Koha item type Source of classification or shelving scheme Collection code
        Central Library Central Library 26/08/2015 Cen Lib /Ret 200.00 1 उ राजगुरु B-200000 03/05/2018 20/04/2018 1 200.00 26/08/2015 Hindi Books    
        Sarojini Nagar Sarojini Nagar 16/10/2021       उ राजगुरु B-200002 16/10/2021     200.00 16/10/2021 Hindi Books Dewey Decimal Classification Non-fiction
        Shahdara Branch Shahdara Branch 29/12/2018 BPPD/PUB 200.00 1 उ राजगुरु B-200004 26/04/2022 13/04/2022   200.00 29/12/2018 Hindi Books Dewey Decimal Classification Fiction

© Delhi Public Library
Hit Counter
free hit counter